000 00219nam a2200097Ia 4500
008 190216s9999||||xx |||||||||||||| ||und||
100 _aKarunakaran Nair
245 0 _aPalangal
260 _bKerala Basha Inst
942 _cBK
999 _c37713
_d37713